|
|
|
|
| LEADER |
00000nab a2200000 a 4500 |
| 001 |
vtls000525155 |
| 003 |
SK-MaSNL |
| 005 |
20260305035315.0 |
| 008 |
120928c1994 xo 0 slo |
| 015 |
|
|
|a SNBRB19rr/mm-uuuuu
|
| 035 |
|
|
|a CL0525293
|
| 040 |
|
|
|a SNKBUCL
|b slo
|c SNKBUCL
|e AACR2
|
| 041 |
0 |
|
|a slo
|
| 044 |
|
|
|a xo
|c SK
|
| 080 |
|
|
|a 796.015.52
|2 1981
|
| 100 |
1 |
|
|a Klaučová, Zlata
|4 aut
|9 841573
|
| 245 |
1 |
0 |
|a Cviky z pokoja v dolnej polohe a s protipohybom
|b Fyziologické a biomechanické aspekty silového tréningu (2)
|c Zlata Klaučová
|
| 300 |
|
|
|b Obr. 2, grafy 2
|
| 650 |
0 |
7 |
|a silový tréning
|2 SNKPH
|9 99847
|
| 650 |
0 |
7 |
|a športový tréning
|2 SNKPH
|9 163263
|
| 655 |
|
7 |
|a články z novín a časopisov
|2 SNK
|9 267496
|
| 773 |
0 |
|
|t Muscle a fitness
|g Č. 8 (1994), s. 60-61
|
| 850 |
|
|
|a Slovenská národná knižnica v Martine
|a MTA001
|
| 852 |
|
|
|a SNK
|b KIS3GCP
|
| 958 |
|
|
|a RK
|
| 992 |
|
|
|a RBX
|
| 999 |
|
|
|c 3333205
|d 3335135
|